Statistics for Simpsons Family Members

Click here to take the quiz!

General Stats

  • This quiz has been taken 24 times
  • The average score is 10 of 20

Answer Stats

Relation to HomerAnswer% Correct
SonBart
100%
HimselfHomer
100%
Daughter #1Lisa
100%
Daughter #2Maggie
100%
WifeMarge
100%
Sisters-In-LawPatty and Selma
90%
FatherAbe
81%
MotherMona
67%
Half-BrotherHerb
57%
Mother-In-LawJacqueline
38%
Ex-WifeAmber
33%
Adopted NieceLing
33%
Half-SisterAbbie
24%
Father-In-LawClancy
24%
StepmotherRita LaFleur
10%
CousinChet
5%
UncleCyrus
5%
CousinDr. Simpson
5%
AuntHortense
5%
CousinStanley
5%

Score Distribution

Percentile by Number Answered

Percent of People with Each Score

Your Score History

You have not taken this quiz